000 00548nam a2200217Ia 4500
003 OSt
005 20221006170137.0
006 a|||||r|||| 00| 0
007 ta
008 221006b |||||||| |||| 00| 0 eng d
024 _a944
037 _cTextual
040 _aFML
_cFML
_beng
041 _2eng
_aeng
082 _aNRwK69, K2
100 _aHatch Christopher Tr.
_9681173
245 0 _aPuicherlie
_b Vivaldi
300 _ap.
_ccm.
942 _hNRwK69, K2
_cTEXL
_2CC
999 _c1123143
_d1123143